<?xml version="1.0" encoding="UTF-8"?>
<record
    xmlns:xsi="http://www.w3.org/2001/XMLSchema-instance"
    xsi:schemaLocation="http://www.loc.gov/MARC21/slim http://www.loc.gov/standards/marcxml/schema/MARC21slim.xsd"
    xmlns="http://www.loc.gov/MARC21/slim">

  <leader>01365nam a22002897a 4500</leader>
  <controlfield tag="008">090211t        xxu||||| |||| 00| 0 eng d</controlfield>
  <datafield tag="010" ind1=" " ind2=" ">
    <subfield code="a">HIN-91855</subfield>
  </datafield>
  <datafield tag="020" ind1=" " ind2=" ">
    <subfield code="a">9788190490101</subfield>
    <subfield code="c">300.00</subfield>
  </datafield>
  <datafield tag="035" ind1=" " ind2=" ">
    <subfield code="a">HN-64201</subfield>
  </datafield>
  <datafield tag="037" ind1=" " ind2=" ">
    <subfield code="b">&#x939;&#x902;&#x938;&#x93E; &#x938;&#x93E;&#x939;&#x93F;&#x924;&#x94D;&#x92F; &#x938;&#x926;&#x928;</subfield>
  </datafield>
  <datafield tag="037" ind1=" " ind2=" ">
    <subfield code="b">DBAD / VEN</subfield>
  </datafield>
  <datafield tag="040" ind1=" " ind2=" ">
    <subfield code="a">dpl</subfield>
    <subfield code="b">HN</subfield>
  </datafield>
  <datafield tag="082" ind1=" " ind2=" ">
    <subfield code="a">&#x915;</subfield>
  </datafield>
  <datafield tag="100" ind1=" " ind2=" ">
    <subfield code="a">&#x92D;&#x930;&#x924; &#x938;&#x93F;&#x902;&#x939;</subfield>
    <subfield code="9">25892</subfield>
  </datafield>
  <datafield tag="245" ind1=" " ind2=" ">
    <subfield code="a">&#x915;&#x925;&#x93E; &#x938;&#x930;&#x93F;&#x924;&#x94D;&#x938;&#x93E;&#x917;&#x930; &#x915;&#x940; &#x905;&#x92E;&#x930; &#x915;&#x939;&#x93E;&#x928;&#x93F;&#x92F;&#x93E;&#x902; /</subfield>
    <subfield code="c">&#x92D;&#x930;&#x924; &#x938;&#x93F;&#x902;&#x939;</subfield>
  </datafield>
  <datafield tag="260" ind1=" " ind2=" ">
    <subfield code="a">&#x926;&#x93F;&#x932;&#x94D;&#x932;&#x940; </subfield>
    <subfield code="b">&#x939;&#x902;&#x938;&#x93E; &#x938;&#x93E;&#x939;&#x93F;&#x924;&#x94D;&#x92F; &#x938;&#x926;&#x928;</subfield>
    <subfield code="c">2009</subfield>
  </datafield>
  <datafield tag="270" ind1=" " ind2=" ">
    <subfield code="a">&#x92B;&#x94D;&#x932;&#x948;&#x91F; &#x928;&#x902;.37 &#x92A;&#x93E;&#x915;&#x947;&#x91F;-1,&#x938;&#x947;.14,&#x926;&#x94D;&#x935;&#x93E;&#x930;&#x915;&#x93E;,</subfield>
    <subfield code="b">&#x928;&#x908; &#x926;&#x93F;&#x932;&#x94D;&#x932;&#x940;</subfield>
    <subfield code="e">110078</subfield>
  </datafield>
  <datafield tag="300" ind1=" " ind2=" ">
    <subfield code="a">239 &#x92A;&#x943;. </subfield>
    <subfield code="c">23&#x938;&#x947;&#x92E;&#x940;. (&#x938;&#x91C;&#x93F;&#x932;&#x94D;&#x926;) </subfield>
  </datafield>
  <datafield tag="650" ind1=" " ind2=" ">
    <subfield code="a">&#x932;&#x918;&#x941; &#x915;&#x925;&#x93E;&#x90F;&#x901;, &#x939;&#x93F;&#x928;&#x94D;&#x926;&#x940;</subfield>
    <subfield code="9">1169</subfield>
  </datafield>
  <datafield tag="650" ind1=" " ind2=" ">
    <subfield code="a">Hindi Fiction</subfield>
    <subfield code="9">25893</subfield>
  </datafield>
  <datafield tag="700" ind1=" " ind2=" ">
    <subfield code="a"> </subfield>
    <subfield code="9">25894</subfield>
  </datafield>
  <datafield tag="942" ind1=" " ind2=" ">
    <subfield code="2">ddc</subfield>
    <subfield code="c">HN</subfield>
    <subfield code="h">&#x915;</subfield>
    <subfield code="m">&#x92D;&#x930;&#x924;</subfield>
  </datafield>
  <datafield tag="999" ind1=" " ind2=" ">
    <subfield code="c">23551</subfield>
    <subfield code="d">23551</subfield>
  </datafield>
  <datafield tag="952" ind1=" " ind2=" ">
    <subfield code="0">0</subfield>
    <subfield code="1">0</subfield>
    <subfield code="2">ddc</subfield>
    <subfield code="4">0</subfield>
    <subfield code="7">-1</subfield>
    <subfield code="a">AG</subfield>
    <subfield code="b">AG</subfield>
    <subfield code="d">2009-02-12</subfield>
    <subfield code="g">300.00</subfield>
    <subfield code="l">0</subfield>
    <subfield code="o">&#x915; &#x92D;&#x930;&#x924;</subfield>
    <subfield code="r">2009-02-12 00:00:00</subfield>
    <subfield code="v">300.00</subfield>
    <subfield code="w">2009-02-12</subfield>
  </datafield>
  <datafield tag="952" ind1=" " ind2=" ">
    <subfield code="0">0</subfield>
    <subfield code="1">0</subfield>
    <subfield code="2">ddc</subfield>
    <subfield code="4">0</subfield>
    <subfield code="7">1</subfield>
    <subfield code="8">FIC</subfield>
    <subfield code="a">DBAD</subfield>
    <subfield code="b">DBAD</subfield>
    <subfield code="d">2011-02-11</subfield>
    <subfield code="e">DBAD /PUB</subfield>
    <subfield code="g">300.00</subfield>
    <subfield code="l">0</subfield>
    <subfield code="o">&#x915; &#x92D;&#x930;&#x924;</subfield>
    <subfield code="p">HN-64201</subfield>
    <subfield code="r">2011-02-11 00:00:00</subfield>
    <subfield code="t">1</subfield>
    <subfield code="v">300.00</subfield>
    <subfield code="w">2011-02-11</subfield>
    <subfield code="y">HN</subfield>
  </datafield>
</record>
